| 000 | 00517nam a2200205 i 4500 | ||
|---|---|---|---|
| 001 | bgj | ||
| 100 | 1 |
_aAIKEN, Joan _d(1924-2004). |
|
| 245 | 1 | 0 |
_aThe Teeth of the Gale / _cJoan Aiken. |
| 260 |
_aNew York : _bHarper & Row, Publishers, _c1988. |
||
| 300 |
_a307 pp ; _c21 cm. |
||
| 650 | 9 | _aAdventure and adventurers | |
| 651 | 9 | _aSpain | |
| 655 | _aFiction | ||
| 020 | _a0060200456 | ||
| 040 | _cBPK | ||
| 041 | 0 | _aeng | |
| 920 | _a0-06-020045-6 | ||
| 942 | _cKS | ||
| 008 | s uk f |000 0 eng | ||
| 999 |
_c48910 _d48910 |
||
| 856 |
_uhttp://koha.tu.koszalin.pl/cgi-bin/koha/opac-detail.pl?biblionumber=48910 _yKatalog online BPK |
||